The case of the parish of Alhallows on the wall, in the city of London. : With the reasons of the parishioners humble petition to the Honourable House of Commons, for assistance to re-build their parish church.

Bibliographic Details
Format: eBook
Language:English
Published: [London : publisher not identified, 1696]
Series:Early English books online.
Subjects:
Online Access:Connect to the full text of this electronic book

MARC

Tag First Indicator Second Indicator Subfields
LEADER 00000nam a2200000 4500
001 in00004192621
005 20200806081952.0
006 m g d
007 cr bn |||a|bb|
008 980213s1696 enk o 00 eng d
035 |a (UnM)99886808 
037 |a CL2105000001  |b ProQuest Information and Learning. 300 N. Zeeb Rd., Ann Arbor, MI 48106 
040 |a Cu-RivES  |c Cu-RivES  |e dcrb 
245 0 4 |a The case of the parish of Alhallows on the wall, in the city of London. :  |b With the reasons of the parishioners humble petition to the Honourable House of Commons, for assistance to re-build their parish church. 
260 |a [London :  |b publisher not identified,  |c 1696] 
300 |a 1 online resource (1 sheet ([1] pages). 
336 |a text  |b txt  |2 rdacontent 
337 |a computer  |b c  |2 rdamedia 
338 |a online resource  |b cr  |2 rdacarrier 
500 |a Imprint from Wing. 
500 |a Reproduction of original in the British Library. 
510 4 |a Wing (CD-ROM, 1996)  |c C1126A. 
510 4 |a Early English books tract supplement interim guide  |c 1888.c.11[44]. 
533 |a Electronic reproduction.  |b Ann Arbor, Mich. :  |c UMI,  |d 1999-  |f (Early English books online)  |n Digital version of: (Early English books; Tract supplement ; C16:2[48])  |7 s1999 miun s 
650 0 |a Fires  |z England  |v Early works to 1800. 
650 0 |a Buildings  |x Repair and Reconstruction  |v Early works to 1800. 
830 0 |a Early English books online. 
856 4 0 |u http://proxy.library.tamu.edu/login?url=https://search.proquest.com/docview/2264217002  |z Connect to the full text of this electronic book  |t 0 
999 f f |s 1f3ae40d-5713-364c-adfa-2c94a40acbeb  |i 8cbbf5f1-b33f-330c-ab20-4042ab3a075e  |t 0 
952 f f |a Texas A&M University  |b College Station  |c Electronic Resources  |d Available Online  |t 0  |h No information provided 
998 f f |t 0  |l Available Online